Sociologie a psychologie v řízení

Guardado en:
Detalles Bibliográficos
Autor principal: Bauerová, Jaroslava
Otros Autores: Růžička, Jiří
Formato: Libro
Lenguaje:checo
Publicado: Praha VŠE - Fakulta řízení 1988
Edición:1. vyd.
Etiquetas: Agregar Etiqueta
Sin Etiquetas, Sea el primero en etiquetar este registro!

MARC

LEADER 00000nam a2200000 4500
001 c039839
005 20221219085738.7
041 0 |a cze 
044 |a CZ 
245 1 0 |a Sociologie a psychologie v řízení  |c Jaroslava Bauerová, Jiří Růžička 
250 |a 1. vyd. 
264 1 |a Praha  |b VŠE - Fakulta řízení  |c 1988 
300 |a 92 s. 
100 1 |a Bauerová, Jaroslava 
700 1 |a Růžička, Jiří